书目信息 |
| 题名: |
工程测量
|
|
| 作者: | 孔达 , 吕忠刚 , 杨晓波 编著 | |
| 分册: | ||
| 出版信息: | 北京 中国水利水电出版社 2017.08 |
|
| 页数: | 348页 | |
| 开本: | 26cm | |
| 丛书名: | ||
| 单 册: | ||
| 中图分类: | TB22 | |
| 科图分类: | ||
| 主题词: | 工程测量--高等教育--教材 | |
| 电子资源: | ||
| ISBN: | 978-7-5170-5648-5 | |
| 000 | 01022nam0 2200265 450 | |
| 001 | 3585 | |
| 005 | 20181009100240.65 | |
| 010 | @a978-7-5170-5648-5@dCNY52.00 | |
| 100 | @a20171116d2017 em y0chiy50 ea | |
| 101 | 0 | @achi |
| 102 | @aCN@b110000 | |
| 105 | @aa z 000yy | |
| 200 | 1 | @a工程测量@9gong cheng ce liang@f孔达,吕忠刚,杨晓波编著 |
| 205 | @a2版 | |
| 210 | @a北京@c中国水利水电出版社@d2017.08 | |
| 215 | @a348页@c图@d26cm | |
| 300 | @a普通高等教育“十三五”规划教材 | |
| 330 | @a本书共分为十五章,主要内容包括水准仪及水准测量、经纬仪及角度测量、距离测量与直线定向、GPS定位技术、测量误差及数据处理基础、控制测量、地形图测绘、地形图的应用、工程测设基本方法、线路工程测量、桥梁与隧道工程测量、建筑工程测量、水利工程测量、建筑物变形测量等。 | |
| 606 | 0 | @a工程测量@x高等教育@j教材 |
| 690 | @aTB22@v5 | |
| 701 | 0 | @a孔达@9kong da@f(1963-)@4编著 |
| 701 | 0 | @a吕忠刚@9lü zhong gang@4编著 |
| 701 | 0 | @a杨晓波@9yang xiao bo@c(教育)@4编著 |
| 801 | 0 | @aCN@b91MARC@c20171116 |
| 905 | @aMuseLib@dTB22@e193=2 | |
| 工程测量/孔达,吕忠刚,杨晓波编著.-2版.-北京:中国水利水电出版社,2017.08 |
| 348页:图;26cm |
| 普通高等教育“十三五”规划教材 |
| ISBN 978-7-5170-5648-5:CNY52.00 |
| 本书共分为十五章,主要内容包括水准仪及水准测量、经纬仪及角度测量、距离测量与直线定向、GPS定位技术、测量误差及数据处理基础、控制测量、地形图测绘、地形图的应用、工程测设基本方法、线路工程测量、桥梁与隧道工程测量、建筑工程测量、水利工程测量、建筑物变形测量等。 |
| ● |
| 相关链接 |
|
|
|
|
正题名:工程测量
索取号:TB22/193=2
 
预约/预借
| 序号 | 登录号 | 条形码 | 馆藏地/架位号 | 状态 | 备注 |
| 1 | 1122727 | 211227279 | 第二样本阅览室/ [索取号:TB22/193=2] | 在馆 | |
| 2 | 1122728 | 211227288 | 第三借阅区/ [索取号:TB22/193=2] | 在馆 | |
| 3 | 1122729 | 211227297 | 第三借阅区/ [索取号:TB22/193=2] | 在馆 | |
| 4 | 1122730 | 211227304 | 第三借阅区/ [索取号:TB22/193=2] | 在馆 | |
| 5 | 1122731 | 211227313 | 密集书库-物理学院/ [索取号:TB22/193=2] | 在馆 |